[Event "X Open"]
[Site "Condino ITA"]
[Date "2010.07.28"]
[Round "5"]
[White "Menon, Michele"]
[Black "Giacometto, Mario"]
[Result "0-1"]
[WhiteElo "1733"]
[BlackElo "1967"]
[PlyCount "88"]
[EventDate "2010.07.26"]

1. Nf3 d5 2. c4 e6 3. g3 Nf6 4. Bg2 c6 5. b3 Be7 6. Bb2 Nbd7 7. cxd5 cxd5 8.
O-O b5 9. d3 a5 10. Nbd2 Ba6 11. Nd4 Qb6 12. Rc1 Bb7 13. e4 Nc5 14. Qe2 O-O 15.
exd5 Bxd5 16. Ne4 Rfd8 17. Rfd1 a4 18. b4 Ncxe4 19. dxe4 Bc4 20. Qe1 a3 21. Ba1
Ra4 22. Nc2 Bxa2 23. Rxd8+ Qxd8 24. Qe3 Bc4 25. Nxa3 Rxb4 26. Qe1 Ra4 27. Nxc4
bxc4 28. Bf1 Qa5 29. Bc3 Qh5 30. Bxf6 gxf6 31. Rxc4 Ra2 32. Qb1 Rd2 33. Qb8+
Kg7 34. Qf4 Rd1 35. Kg2 Bd6 36. Qe3 Qb5 37. Qe2 Qb1 38. Qg4+ Kf8 39. Rc8+ Ke7
40. Qg8 Qxe4+ 41. Kg1 Rxf1+ 42. Kxf1 Qh1+ 43. Ke2 Qe4+ 44. Kd1 Qd3+ 0-1

[Event "X Open"]
[Site "Condino ITA"]
[Date "2010.07.28"]
[Round "5"]
[White "Mombelli, Antonio"]
[Black "Salvotti, James"]
[Result "1/2-1/2"]
[WhiteElo "1839"]
[BlackElo "1582"]
[PlyCount "73"]
[EventDate "2010.07.26"]

1. e4 c6 2. d4 d5 3. e5 Bf5 4. Nf3 e6 5. Be2 c5 6. c3 Nc6 7. O-O cxd4 8. cxd4
Bxb1 9. Rxb1 Qb6 10. Bd2 Nge7 11. Bc3 Nf5 12. Bd3 g6 13. Rc1 Be7 14. Kh1 h5 15.
Qd2 Kf8 16. Bxf5 gxf5 17. Rfd1 Bb4 18. a3 Bxc3 19. Rxc3 Qd8 20. Ng5 Nxd4 21. f4
Nc6 22. b4 Rc8 23. Rdc1 Ne7 24. Qd4 Rxc3 25. Rxc3 Nc6 26. Qc5+ Ke8 27. h4 a6
28. a4 d4 29. Rd3 Qe7 30. Qxe7+ Kxe7 31. b5 axb5 32. axb5 Nb4 33. Rxd4 Nd5 34.
g3 Ra8 35. Rd3 Ra5 36. Rb3 b6 37. Kg2 1/2-1/2

[Event "X Open"]
[Site "Condino ITA"]
[Date "2010.07.28"]
[Round "5"]
[White "Panjkovic, Stefan"]
[Black "Trifoni, Giorgio"]
[Result "1/2-1/2"]
[WhiteElo "1608"]
[BlackElo "1699"]
[PlyCount "124"]
[EventDate "2010.07.26"]

1. d4 b6 2. Bf4 Bb7 3. e3 e6 4. Nf3 Ne7 5. Nbd2 d6 6. Be2 Nd7 7. c3 g6 8. Qc2
Bg7 9. O-O h6 10. h3 g5 11. Bh2 Ng6 12. Bd3 Ndf8 13. e4 h5 14. Qa4+ Nd7 15. Bb5
g4 16. Bxd7+ Qxd7 17. Qxd7+ Kxd7 18. hxg4 hxg4 19. Ne1 Bh6 20. f4 gxf3 21.
Nexf3 Be3+ 22. Kh1 Rh5 23. Rae1 Bf4 24. Kg1 Rah8 25. Bxf4 Nxf4 26. Re3 Rg8 27.
Ne1 Nh3+ 28. Kh2 Ng5+ 29. Kg1 Nh3+ 30. Kh2 Nf2+ 31. Kg1 Ng4 32. Rxf7+ Ke8 33.
Ref3 Ba6 34. R7f4 e5 35. Rf5 Rh4 36. dxe5 Nxe5 37. R3f4 Rh3 38. Ndf3 Nxf3+ 39.
Rxf3 Rh4 40. R3f4 Rhg4 41. Kf2 Bb7 42. Rxg4 Rxg4 43. e5 Bc8 44. Rh5 Rf4+ 45.
Kg1 Re4 46. Kf2 dxe5 47. Nf3 Rf4 48. Rxe5+ Kd7 49. Ke3 Rg4 50. Rg5 Kd6 51. Rxg4
Bxg4 52. Kf4 Be6 53. b3 a5 54. g4 a4 55. Nd4 Bg8 56. c4 Kc5 57. Nc2 b5 58. Ne3
axb3 59. axb3 bxc4 60. Nxc4 Kb4 61. Nd2 Kc3 62. Ne4+ Kxb3 1/2-1/2

[Event "X Open"]
[Site "Condino ITA"]
[Date "2010.07.28"]
[Round "5"]
[White "Papa, Angelo"]
[Black "Sanzani, Pierluigi"]
[Result "0-1"]
[WhiteElo "1834"]
[BlackElo "1848"]
[PlyCount "70"]
[EventDate "2010.07.26"]

1. d4 g6 2. e4 Bg7 3. Nc3 d6 4. Be3 Nf6 5. Qd2 Ng4 6. Bg5 h6 7. Bh4 Nd7 8. h3
Ngf6 9. O-O-O c5 10. Nf3 cxd4 11. Nxd4 O-O 12. Bc4 a6 13. Bb3 b5 14. f4 Nc5 15.
Bxf6 Nxb3+ 16. Nxb3 Bxf6 17. e5 Bg7 18. exd6 exd6 19. Qxd6 Qh4 20. Ne4 Bb7 21.
g3 Qh5 22. Qe7 Bxe4 23. Qxe4 Rfe8 24. Qb7 Rab8 25. g4 Qh4 26. Qf3 Qf6 27. Nd4
Rbd8 28. c3 b4 29. Rhe1 Rxe1 30. Rxe1 bxc3 31. bxc3 Qd6 32. Rd1 Qa3+ 33. Kb1
Bxd4 34. Rxd4 Rb8+ 35. Rb4 Rxb4+ 0-1

[Event "X Open"]
[Site "Condino ITA"]
[Date "2010.07.28"]
[Round "5"]
[White "Petragnani, Gian Giacomo"]
[Black "Mazzetta, Renato"]
[Result "0-1"]
[WhiteElo "1674"]
[BlackElo "1929"]
[PlyCount "70"]
[EventDate "2010.07.26"]

1. Nf3 d5 2. g3 c6 3. Bg2 g6 4. O-O Bg7 5. d3 Nf6 6. Nbd2 O-O 7. c3 Nbd7 8. a4
a5 9. Re1 Re8 10. e4 e5 11. Nf1 Qc7 12. Qc2 dxe4 13. dxe4 b6 14. Nh4 Ba6 15. c4
Nc5 16. Be3 Ne6 17. Red1 Ng4 18. Nf3 Nxe3 19. Nxe3 Rad8 20. b3 Nd4 21. Qb2 Rd7
22. Nc2 Red8 23. Nfxd4 exd4 24. Rd3 c5 25. Re1 Re7 26. Qc1 Rde8 27. Re2 f5 28.
Qe1 Bb7 29. f3 Bc6 30. Rdd2 fxe4 31. fxe4 Qb7 32. Qd1 Bxe4 33. Ne1 Bh6 34. Bxe4
Rxe4 35. Rxe4 Qxe4 0-1

[Event "X Open"]
[Site "Condino ITA"]
[Date "2010.07.28"]
[Round "5"]
[White "Pipitone, Antonio"]
[Black "Brunello, Marina"]
[Result "0-1"]
[WhiteElo "2044"]
[BlackElo "2216"]
[PlyCount "62"]
[EventDate "2010.07.26"]

1. e4 c5 2. Nf3 d6 3. d4 cxd4 4. Nxd4 Nf6 5. Nc3 a6 6. a4 e5 7. Nb3 h6 8. Be2
Be7 9. O-O O-O 10. f4 exf4 11. Bxf4 Be6 12. Kh1 Nc6 13. Nd4 Ne5 14. Nxe6 fxe6
15. Bxe5 dxe5 16. Bc4 Qb6 17. a5 Qc6 18. Qe2 Rfe8 19. Bb3 Red8 20. Ra4 Bc5 21.
Rc4 Qd6 22. Na4 Ba7 23. Rc3 Qe7 24. Rcf3 Rd4 25. Nc3 Rad8 26. h3 Nh5 27. g3 Kh7
28. Qg2 Rd2 29. Ne2 R8d6 30. Kh2 Qg5 31. Rc3 Rxe2 0-1

[Event "X Open"]
[Site "Condino ITA"]
[Date "2010.07.28"]
[Round "5"]
[White "Popa, Claudiu"]
[Black "Volpinari, Danilo"]
[Result "1-0"]
[WhiteElo "2211"]
[BlackElo "2056"]
[PlyCount "115"]
[EventDate "2010.07.26"]

1. e4 c5 2. c3 g6 3. d4 cxd4 4. cxd4 d5 5. exd5 Nf6 6. Nc3 Nbd7 7. d6 exd6 8.
Nf3 d5 9. Qb3 Nb6 10. Bb5+ Bd7 11. O-O Be7 12. Bh6 Ng4 13. Bg7 Rg8 14. Be5 f6
15. Nxd5 Nxd5 16. Qxd5 Rg7 17. Qxb7 Bxb5 18. Qxb5+ Qd7 19. Qxd7+ Kxd7 20. Bg3
Rgg8 21. Rac1 Rac8 22. Rfd1 h5 23. h3 Nh6 24. Bf4 g5 25. Bd2 Nf5 26. g4 hxg4
27. hxg4 Ng7 28. Rc3 Rb8 29. Rc2 Ne6 30. Be3 Bd6 31. b3 Rb7 32. Kf1 Rh8 33. Ke2
Nc7 34. d5 Rb5 35. Rcd2 a6 36. Rd3 Rb4 37. Rd4 Rbb8 38. Nd2 Be5 39. Ra4 Nb5 40.
Ne4 Ra8 41. Rc1 Nc7 42. Rc6 Nxd5 43. Rcxa6 Rxa6 44. Rxa6 Rc8 45. Bc5 Nf4+ 46.
Kd2 Ne6 47. b4 Rb8 48. a3 Rc8 49. Kd3 Rc7 50. Kc4 Rc8 51. Ra7+ Nc7 52. Bb6 Kc6
53. Bxc7 Bxc7 54. b5+ Kb6 55. Ra6+ Kb7 56. Nc5+ Kb8 57. Rxf6 Bf4 58. b6 1-0

[Event "X Open"]
[Site "Condino ITA"]
[Date "2010.07.28"]
[Round "5"]
[White "Pretto, Aldo"]
[Black "Khachab, Ibrahim"]
[Result "0-1"]
[WhiteElo "1694"]
[BlackElo "1891"]
[PlyCount "118"]
[EventDate "2010.07.26"]

1. Nf3 g6 2. g3 Bg7 3. Bg2 Nf6 4. O-O O-O 5. d3 c6 6. e4 d6 7. Nbd2 Nbd7 8. a4
a5 9. Nc4 Qc7 10. Rb1 b5 11. axb5 cxb5 12. Ne3 Bb7 13. Nd4 Qb6 14. c3 e5 15.
Nb3 a4 16. Na1 Qc7 17. Nac2 Nc5 18. Na3 Bc6 19. Nac2 Nb3 20. Nb4 Nxc1 21. Qxc1
Bh6 22. Qc2 Bb7 23. Ned5 Bxd5 24. exd5 Qc5 25. Ra1 Rfc8 26. Qe2 a3 27. Kh1 Kg7
28. Rfb1 axb2 29. Rxa8 Rxa8 30. Qxb2 Ng4 31. d4 exd4 32. cxd4 Qb6 33. Nc6 Bg5
34. h3 Nh6 35. Qxb5 Qxb5 36. Rxb5 Ra1+ 37. Kh2 Nf5 38. Rb2 Rd1 39. Bf3 Rc1 40.
Be2 Bf6 41. Rd2 h5 42. h4 g5 43. hxg5 Bxg5 44. f4 Bf6 45. Bxh5 Rc3 46. g4 Ng3
47. Rg2 Bh4 48. Kh3 Nf5+ 49. Kh2 Bg3+ 50. Kh1 Nh4 51. Rg1 Bxf4 52. Rf1 Rh3+ 53.
Kg1 Be3+ 54. Rf2 Rf3 55. g5 Rxf2 56. Ne7 Rd2+ 57. Kf1 Bxg5 58. Nc8 Nf5 59. Bg4
Ne3+ 0-1

[Event "X Open"]
[Site "Condino ITA"]
[Date "2010.07.28"]
[Round "5"]
[White "Qendro, Llambi"]
[Black "Oppici, Gabriele"]
[Result "1-0"]
[WhiteElo "2356"]
[BlackElo "2010"]
[PlyCount "85"]
[EventDate "2010.07.26"]

1. d4 Nc6 2. Nf3 d5 3. c4 Bg4 4. cxd5 Bxf3 5. gxf3 Qxd5 6. e3 e6 7. Nc3 Bb4 8.
Bd2 Qd7 9. Rg1 g6 10. Ne4 Be7 11. Bb5 f5 12. Nc5 Bxc5 13. dxc5 Nge7 14. Bc3
Qxd1+ 15. Rxd1 Rf8 16. Be5 Rc8 17. Ke2 a6 18. Ba4 b5 19. cxb6 cxb6 20. Bd6 b5
21. Bb3 Kf7 22. Rd2 Na5 23. Rgd1 Rfd8 24. Bg3 Rxd2+ 25. Rxd2 Nxb3 26. axb3 g5
27. Rd7 Ke8 28. Ra7 Rc6 29. Be5 h6 30. Bg7 Nc8 31. Rb7 Nd6 32. Rb8+ Kf7 33.
Bxh6 Kg6 34. Bf8 Nf7 35. f4 gxf4 36. exf4 Rc2+ 37. Kf3 Rc6 38. b4 e5 39. Bc5
e4+ 40. Ke3 Kf6 41. h4 Nd6 42. h5 Nf7 43. Rg8 1-0

[Event "X Open"]
[Site "Condino ITA"]
[Date "2010.07.28"]
[Round "5"]
[White "Scharrer, Patrick"]
[Black "Panjkovic, Aleksandar"]
[Result "0-1"]
[WhiteElo "2253"]
[BlackElo "2121"]
[PlyCount "144"]
[EventDate "2010.07.26"]

1. e4 d6 2. d4 Nf6 3. Nc3 g6 4. Bc4 Bg7 5. Qe2 Nc6 6. Nf3 Bg4 7. Be3 e5 8. dxe5
Nxe5 9. Bb3 O-O 10. O-O-O Qc8 11. h3 Be6 12. Nd4 Bxb3 13. axb3 Nc6 14. g4 Re8
15. Qf3 a5 16. Ndb5 Nb4 17. Bd4 Nd7 18. g5 Bxd4 19. Rxd4 Re5 20. h4 Na2+ 21.
Nxa2 Rxb5 22. Nc3 Rb4 23. Rdd1 Nb6 24. h5 Qe6 25. hxg6 fxg6 26. Qh3 Qxh3 27.
Rxh3 Rf8 28. Rdh1 Rf7 29. f3 c6 30. Rd1 Rd7 31. f4 a4 32. Rhd3 d5 33. bxa4 Nxa4
34. Rd4 Nxc3 35. bxc3 Rxd4 36. Rxd4 Kf7 37. c4 Ke6 38. cxd5+ cxd5 39. exd5+
Rxd5 40. Re4+ Kf5 41. Re7 b5 42. Rf7+ Ke4 43. Kb2 Rf5 44. Rxh7 Kxf4 45. Kc3
Kxg5 46. Rh1 Kf6 47. Kd4 Rf2 48. Rb1 Rf5 49. Ra1 Rf4+ 50. Ke3 Rc4 51. Rf1+ Ke5
52. Rg1 Kf5 53. Rf1+ Kg5 54. Rg1+ Kh5 55. Rh1+ Rh4 56. Rg1 g5 57. Kf3 Rf4+ 58.
Ke3 Kg6 59. Rd1 b4 60. Ra1 Kf5 61. Rh1 Rh4 62. Ra1 Rh3+ 63. Kd2 g4 64. Ra5+ Kf4
65. Ra4 g3 66. Rxb4+ Kf3 67. Rb8 g2 68. Rf8+ Kg3 69. Rg8+ Kh2 70. c4 g1=Q 71.
Rxg1 Kxg1 72. c5 Rh5 0-1

[Event "X Open"]
[Site "Condino ITA"]
[Date "2010.07.28"]
[Round "5"]
[White "Varzi, Florian"]
[Black "Taloni, Silvio"]
[Result "1-0"]
[WhiteElo "1467"]
[BlackElo "1778"]
[PlyCount "87"]
[EventDate "2010.07.26"]

1. d4 d6 2. Bf4 g6 3. Nf3 Bg7 4. e4 Nd7 5. Bc4 e6 6. O-O Ne7 7. Nc3 a6 8. Re1
b6 9. d5 e5 10. Be3 h6 11. b4 f5 12. a4 f4 13. Bc1 g5 14. g4 Nf6 15. h3 Ng6 16.
a5 b5 17. Bd3 Nh4 18. Nh2 h5 19. f3 hxg4 20. fxg4 Ke7 21. Nf3 Nxf3+ 22. Qxf3
Qg8 23. Nd1 Qh7 24. Nf2 Bd7 25. c4 bxc4 26. Bxc4 Rhb8 27. Bd2 Bb5 28. Rec1 Bxc4
29. Rxc4 Kd8 30. Qd3 Rb5 31. Rac1 Ra7 32. Qc3 Bh8 33. Be1 Qe7 34. Rc6 Bg7 35.
Qc4 Qd7 36. Nd3 Ng8 37. Bf2 Rab7 38. Rxa6 Nf6 39. Ra8+ Rb8 40. Rxb8+ Rxb8 41.
a6 Nxg4 42. hxg4 f3 43. Bg3 Bf8 44. Kf2 1-0

[Event "X Open"]
[Site "Condino ITA"]
[Date "2010.07.29"]
[Round "6"]
[White "Brunello, Marina"]
[Black "Popa, Claudiu"]
[Result "1-0"]
[WhiteElo "2216"]
[BlackElo "2211"]
[PlyCount "83"]
[EventDate "2010.07.26"]

1. e4 e5 2. Nf3 Nc6 3. d4 exd4 4. Nxd4 Nf6 5. Nc3 Bb4 6. Nxc6 bxc6 7. Bd3 d5 8.
exd5 cxd5 9. O-O O-O 10. Bg5 c6 11. Na4 h6 12. Bh4 Re8 13. c4 Be6 14. Rc1 Rb8
15. b3 Rc8 16. c5 Ba5 17. Bb1 Bc7 18. Qd4 g5 19. Bg3 Bxg3 20. fxg3 Ne4 21. Nc3
f5 22. g4 Rf8 23. Rce1 Rb8 24. gxf5 Bxf5 25. Nxe4 dxe4 26. Qxd8 Rbxd8 27. Bxe4
Bxe4 28. Rxe4 Rd5 29. b4 a5 30. Rxf8+ Kxf8 31. bxa5 Rxc5 32. Ra4 Re5 33. a6 Re8
34. a7 Ra8 35. Kf2 Ke7 36. Ke3 Kd6 37. Kd4 Kc7 38. Kc5 Kb7 39. g4 Kc7 40. Ra6
Kb7 41. Ra3 Kc7 42. Rf3 1-0

[Event "X Open"]
[Site "Condino ITA"]
[Date "2010.07.29"]
[Round "6"]
[White "Brunello, Roberta"]
[Black "Bonugli, Carlo"]
[Result "1/2-1/2"]
[WhiteElo "2064"]
[BlackElo "2032"]
[PlyCount "39"]
[EventDate "2010.07.26"]

1. e4 e6 2. d4 d5 3. e5 c5 4. c3 Nc6 5. Nf3 Bd7 6. a3 c4 7. Nbd2 Na5 8. Be2 Bc6
9. O-O Qd7 10. Rb1 Ba4 11. Qe1 Bc2 12. Ra1 O-O-O 13. Bd1 Bd3 14. Be2 Bc2 15.
Bd1 Bd3 16. Be2 Bc2 17. Ra2 Kb8 18. Bd1 Bd3 19. Be2 Bc2 20. Bd1 1/2-1/2

[Event "X Open"]
[Site "Condino ITA"]
[Date "2010.07.29"]
[Round "6"]
[White "Caldara, Sisto"]
[Black "Pipitone, Antonio"]
[Result "0-1"]
[WhiteElo "1803"]
[BlackElo "2044"]
[PlyCount "129"]
[EventDate "2010.07.26"]

1. d4 Nf6 2. c4 g6 3. Nc3 d6 4. e4 Bg7 5. Be2 Nbd7 6. Bg5 h6 7. Be3 e5 8. d5 a6
9. a4 b6 10. Qd2 Nc5 11. f3 Nb3 12. Qd1 Nxa1 13. Qxa1 Bd7 14. Qd1 Nh5 15. Bd3
Qh4+ 16. g3 Qe7 17. Qc2 Bf6 18. Nge2 Bh3 19. Ng1 Bd7 20. Nge2 Bg5 21. Bf2 Ng7
22. h4 Bf6 23. g4 O-O 24. Qd2 g5 25. h5 Qe8 26. Qc2 Qe7 27. O-O Rfb8 28. b4 Qe8
29. Rc1 Qc8 30. b5 Bxg4 31. fxg4 Qxg4+ 32. Kf1 a5 33. Ng1 Nxh5 34. Be2 Ng3+ 35.
Ke1 Nxe2 36. Ncxe2 h5 37. Ng3 h4 38. Nf5 Kh7 39. Qd3 Rg8 40. Ne3 Qh5 41. Nf5 g4
42. Qe2 Kg6 43. Rc3 Bg5 44. Be3 Rae8 45. Qg2 Bxe3 46. Rxe3 Kh7 47. Ne2 Rg5 48.
Qh1 Rh8 49. Kd2 Kg8 50. Ke1 Kf8 51. Kd2 g3 52. Qh3 Qg4 53. Rxg3 Qxh3 54. Rxh3
Rg4 55. Ke3 Rg5 56. Kf3 f6 57. Ke3 Kf7 58. Kf3 Rgh5 59. Ke3 Kg6 60. Kf3 Rg5 61.
Ng1 Rhh5 62. Ne2 Rxf5+ 63. exf5+ Kxf5 64. Ke3 Kg4 65. Rh1 0-1

[Event "X Open"]
[Site "Condino ITA"]
[Date "2010.07.29"]
[Round "6"]
[White "Cesati Cassin, Giorgio"]
[Black "Buglisi, Massimo"]
[Result "1/2-1/2"]
[WhiteElo "1592"]
[BlackElo "1879"]
[PlyCount "96"]
[EventDate "2010.07.26"]

1. e4 d6 2. d4 Nf6 3. Nc3 g6 4. f4 Bg7 5. Nf3 c5 6. Bb5+ Bd7 7. e5 Ng4 8. e6
Bxb5 9. exf7+ Kd7 10. Nxb5 Qa5+ 11. Nc3 cxd4 12. Nxd4 h5 13. h3 Nf6 14. O-O Nc6
15. Nxc6 bxc6 16. Bd2 Rhf8 17. Qe2 Rxf7 18. Nd5 Qb5 19. Qxb5 cxb5 20. Nxf6+
Bxf6 21. c3 Raf8 22. Rf3 Bg7 23. Raf1 Bh6 24. R1f2 e6 25. g3 e5 26. Kg2 e4 27.
Re3 Re8 28. h4 d5 29. Rfe2 Bf8 30. Re1 Bc5 31. R3e2 Kc6 32. Be3 a5 33. a3 Rfe7
34. Bxc5 Kxc5 35. b3 b4 36. axb4+ axb4 37. Rc1 bxc3 38. Rxc3+ Kb4 39. Rc6 Re6
40. Rc7 Kxb3 41. Rb7+ Kc3 42. Re3+ Kc4 43. Rc7+ Kb4 44. Rb7+ Kc5 45. Rc7+ Kd6
46. Rec3 d4 47. R3c6+ Kd5 48. Rc5+ Kd6 1/2-1/2

[Event "X Open"]
[Site "Condino ITA"]
[Date "2010.07.29"]
[Round "6"]
[White "Dappiano, Andrea"]
[Black "Scharrer, Patrick"]
[Result "1-0"]
[WhiteElo "2033"]
[BlackElo "2253"]
[PlyCount "105"]
[EventDate "2010.07.26"]

1. Nf3 g6 2. g3 Bg7 3. Bg2 d6 4. c4 e5 5. Nc3 Nc6 6. d3 f5 7. O-O Nf6 8. Rb1
O-O 9. Bg5 h6 10. Bxf6 Qxf6 11. Nd5 Qf7 12. b4 g5 13. b5 Nd8 14. Nd2 Ne6 15. a4
f4 16. e3 h5 17. gxf4 exf4 18. exf4 gxf4 19. Bf3 Qd7 20. Kh1 c6 21. Nb4 Nd4 22.
Be4 Qh3 23. f3 Nf5 24. Bxf5 Bxf5 25. Ne4 Bxe4 26. dxe4 c5 27. Nd5 Bd4 28. Qd3
Be5 29. Rg1+ Kh7 30. Ne7 Rfe8 31. Nf5 Rg8 32. Rxg8 Rxg8 33. Rg1 Rxg1+ 34. Kxg1
Kh8 35. Qf1 Qxf1+ 36. Kxf1 Kg8 37. Ne7+ Kf7 38. Nd5 Ke6 39. Kg2 Kf7 40. Kh3 Kg6
41. a5 a6 42. Kh4 Kh6 43. Nc7 Kg6 44. Nxa6 d5 45. Nxc5 dxc4 46. a6 bxa6 47.
bxa6 Bb8 48. Na4 Ba7 49. Nc3 Bf2+ 50. Kh3 Kf6 51. Kg2 Bc5 52. Kf1 Ke5 53. Nb5
1-0

[Event "X Open"]
[Site "Condino ITA"]
[Date "2010.07.29"]
[Round "6"]
[White "Dittmar, Peter"]
[Black "Panjkovic, Aleksandar"]
[Result "1/2-1/2"]
[WhiteElo "2326"]
[BlackElo "2121"]
[PlyCount "64"]
[EventDate "2010.07.26"]

1. c4 e5 2. g3 d6 3. Bg2 f5 4. Nc3 Nf6 5. d3 Be7 6. Nf3 c6 7. c5 Nbd7 8. cxd6
Bxd6 9. O-O Qe7 10. Nd2 O-O 11. Nc4 Nb6 12. Nxd6 Qxd6 13. Qc2 f4 14. Bd2 Ng4
15. Qb3+ Be6 16. Ne4 Qd7 17. Nc5 Bxb3 18. Nxd7 Nxd7 19. axb3 fxg3 20. hxg3 Ngf6
21. Ra4 Nc5 22. Ra3 Ne6 23. Bc3 Nd4 24. Bxd4 exd4 25. Rc1 Rfe8 26. Bf3 g5 27.
g4 h5 28. Ra5 hxg4 29. Bxg4 Nxg4 30. Rxg5+ Kf7 31. Rxg4 Rxe2 32. Rxd4 Ke6
1/2-1/2

[Event "X Open"]
[Site "Condino ITA"]
[Date "2010.07.29"]
[Round "6"]
[White "Gallucci, Alessio"]
[Black "Girelli, Sergio"]
[Result "1-0"]
[WhiteElo "2155"]
[BlackElo "1705"]
[PlyCount "39"]
[EventDate "2010.07.26"]

1. e4 c5 2. Nf3 d6 3. d4 cxd4 4. Nxd4 Nf6 5. Nc3 a6 6. Bg5 e6 7. f4 Qb6 8. Qd2
Qxb2 9. Rb1 Qa3 10. Be2 h5 11. O-O Nc6 12. Nxc6 bxc6 13. Kh1 Qa5 14. Bf3 Qc7
15. e5 Nd5 16. Ne4 dxe5 17. fxe5 Ra7 18. c4 Nb6 19. Rfd1 Bd7 20. Nd6+ 1-0

[Event "X Open"]
[Site "Condino ITA"]
[Date "2010.07.29"]
[Round "6"]
[White "Gardi, Giuseppe"]
[Black "Pichler, Christoph"]
[Result "1/2-1/2"]
[WhiteElo "2034"]
[BlackElo "1867"]
[PlyCount "140"]
[EventDate "2010.07.26"]

1. d4 d5 2. Nf3 Nf6 3. Bf4 c6 4. e3 Bg4 5. c4 e6 6. Qb3 Qb6 7. c5 Qa5+ 8. Nc3
b6 9. Be2 Nbd7 10. O-O Be7 11. cxb6 axb6 12. h3 Bf5 13. g4 Bg6 14. Rfc1 O-O 15.
Nh4 Rfc8 16. Nxg6 hxg6 17. a3 Ne8 18. Bg3 g5 19. Qd1 Bd6 20. Bxd6 Nxd6 21. Rc2
Qa7 22. Rac1 Nf6 23. Kg2 Qe7 24. Na2 Qd7 25. Nb4 Nc4 26. Bxc4 dxc4 27. Rxc4 c5
28. dxc5 Qxd1 29. Rxd1 bxc5 30. Rdc1 Nd7 31. Nd3 Ra5 32. R4c3 Rb8 33. Kf3 f6
34. b4 cxb4 35. axb4 Rd5 36. Ke2 f5 37. f3 g6 38. e4 Rdb5 39. Rc8+ Kf7 40. R1c7
Rxc8 41. Rxc8 Kf6 42. Ke3 Rb7 43. Kd4 fxe4 44. fxe4 Nb6 45. Rc6 Rd7+ 46. Kc3
Na4+ 47. Kc2 Rb7 48. Kb3 Rd7 49. Kc4 Rb7 50. e5+ Ke7 51. Nc5 Nxc5 52. Kxc5 Rd7
53. b5 Rd5+ 54. Kb6 Rxe5 55. Rc7+ Kd6 56. Rg7 Re3 57. Rxg6 Rxh3 58. Kb7 Rg3 59.
Rxg5 e5 60. Rg6+ Kd7 61. Rg7+ Kd6 62. b6 e4 63. Kc8 Rc3+ 64. Rc7 Rxc7+ 65. bxc7
e3 66. Kb8 e2 67. c8=Q e1=Q 68. Qf8+ Qe7 69. Qh6+ Ke5 70. Qe3+ Kd6 1/2-1/2

[Event "X Open"]
[Site "Condino ITA"]
[Date "2010.07.29"]
[Round "6"]
[White "Giacometto, Mario"]
[Black "Bettalli, Marco"]
[Result "1/2-1/2"]
[WhiteElo "1967"]
[BlackElo "2074"]
[PlyCount "120"]
[EventDate "2010.07.26"]

1. e4 e6 2. d4 d5 3. e5 Qd7 4. c3 b6 5. a4 a5 6. f4 g6 7. Nd2 Ba6 8. Bxa6 Nxa6
9. Ndf3 Ne7 10. Be3 Nf5 11. Bf2 h5 12. Bh4 Nxh4 13. Nxh4 Be7 14. Nhf3 c5 15.
Ne2 Kf8 16. O-O Kg7 17. Qd3 cxd4 18. cxd4 Nb4 19. Qd2 Rac8 20. Nc3 Qc6 21. Rfc1
Qc4 22. Ne1 Qc6 23. Nb5 Qd7 24. Nc2 Nxc2 25. Rxc2 Rxc2 26. Qxc2 Rc8 27. Qd1 Rc4
28. Rc1 Qc6 29. Rxc4 Qxc4 30. b3 Qc6 31. Kf2 Bb4 32. Ke3 Kf8 33. Kd3 Ke7 34.
Qc2 Qxc2+ 35. Kxc2 Kd7 36. Kd1 Be7 37. Ke2 Bb4 38. Kf3 Be7 39. Nc3 Ke8 40. g4
hxg4+ 41. Kxg4 Kd7 42. Ne2 Ke8 43. h4 Kf8 44. h5 gxh5+ 45. Kxh5 Kg7 46. f5 Bb4
47. fxe6 fxe6 48. Kg4 Bd2 49. Kf3 Kg6 50. Ng3 Bc3 51. Ke3 Be1 52. Ne2 Kf5 53.
Kd3 Kg4 54. Ke3 Kf5 55. Nc1 Bh4 56. Kd3 Be1 57. Na2 Kf4 58. Nc1 Kf3 59. Ne2 Bb4
60. Ng1+ Kg2 1/2-1/2

[Event "X Open"]
[Site "Condino ITA"]
[Date "2010.07.29"]
[Round "6"]
[White "Khachab, Ibrahim"]
[Black "Varzi, Florian"]
[Result "1-0"]
[WhiteElo "1891"]
[BlackElo "1467"]
[PlyCount "20"]
[EventDate "2010.07.26"]

1. e4 d6 2. d4 Nf6 3. Bd3 c6 4. f4 e6 5. Nf3 d5 6. e5 Nfd7 7. O-O c5 8. c3 Nc6
9. f5 Be7 10. fxe6 Nf8 1-0

[Event "X Open"]
[Site "Condino ITA"]
[Date "2010.07.29"]
[Round "6"]
[White "Lezzerini, Marco"]
[Black "Ravazzolo, Gaia"]
[Result "1-0"]
[WhiteElo "1672"]
[BlackElo "1736"]
[PlyCount "93"]
[EventDate "2010.07.26"]

1. Nf3 d5 2. g3 Nf6 3. Bg2 Bf5 4. O-O e6 5. d3 Bd6 6. Nbd2 c6 7. Qe1 O-O 8. e4
Bc5 9. exf5 exf5 10. d4 Re8 11. Qd1 Bd6 12. Re1 Rxe1+ 13. Qxe1 f4 14. Ne5 fxg3
15. hxg3 Nbd7 16. Ndf3 Qc7 17. Nxd7 Qxd7 18. Ne5 Re8 19. Qc3 Qf5 20. Qd3 Ne4
21. Qf3 Qe6 22. Bh3 Qe7 23. Nd3 c5 24. dxc5 Bxc5 25. Be3 Bxe3 26. Qxe3 Qf6 27.
Bg2 Nd6 28. Qf4 Ne4 29. Qxf6 Nxf6 30. Re1 Rxe1+ 31. Nxe1 b6 32. Kf1 Kf8 33. Ke2
Ke7 34. Nd3 Kd6 35. Ke3 Ng4+ 36. Kd4 Nf6 37. Bf3 h6 38. Nf4 Ne4 39. Bxe4 dxe4
40. Kxe4 g5 41. Ng2 Ke6 42. g4 b5 43. Ne3 Kf6 44. b4 Kg6 45. Nd5 h5 46. gxh5+
Kxh5 47. Kf5 1-0

[Event "X Open"]
[Site "Condino ITA"]
[Date "2010.07.29"]
[Round "6"]
[White "Mazzetta, Renato"]
[Black "Qendro, Llambi"]
[Result "0-1"]
[WhiteElo "1929"]
[BlackElo "2356"]
[PlyCount "94"]
[EventDate "2010.07.26"]

1. e4 g6 2. Nc3 Bg7 3. g3 e5 4. Bg2 Ne7 5. d3 O-O 6. Nge2 c6 7. O-O d5 8. f4 d4
9. Nb1 c5 10. Nd2 exf4 11. gxf4 Nbc6 12. Ng3 f5 13. e5 Be6 14. Nf3 h6 15. c4
dxc3 16. bxc3 Qa5 17. Qc2 Rfd8 18. Bd2 Qa6 19. c4 Rd7 20. Rfb1 Rad8 21. Rb3 b6
22. a4 Na5 23. Bxa5 Qxa5 24. Ne1 Kh7 25. h4 Rc7 26. Bf3 Bd7 27. Qg2 Bc6 28.
Bxc6 Rxc6 29. Nf3 Rc7 30. Kh1 Rcd7 31. h5 Rxd3 32. Rxd3 Rxd3 33. hxg6+ Kg8 34.
Nh5 Qc3 35. Rf1 Nc6 36. Ng1 Nd8 37. Rf3 Qxc4 38. Rxd3 Qxd3 39. Qa2+ c4 40. Qf2
Ne6 41. Qh4 Qd8 42. Qh3 Qd5+ 43. Qg2 Qxg2+ 44. Kxg2 c3 45. Ne2 c2 46. Nc1 Bf8
47. Kf3 Ba3 0-1

[Event "X Open"]
[Site "Condino ITA"]
[Date "2010.07.29"]
[Round "6"]
[White "Oppici, Gabriele"]
[Black "Garonzi, Martino"]
[Result "1-0"]
[WhiteElo "2010"]
[BlackElo "2055"]
[PlyCount "73"]
[EventDate "2010.07.26"]

1. d4 Nf6 2. Bf4 d5 3. Nf3 e6 4. e3 Bd6 5. Bg3 O-O 6. Nbd2 c5 7. c3 b6 8. a4
Bb7 9. Bd3 Nc6 10. Ne5 Bxe5 11. dxe5 Nd7 12. f4 f5 13. exf6 Nxf6 14. Bh4 e5 15.
O-O e4 16. Be2 Ne7 17. Qb3 Kh8 18. Rfd1 Qc7 19. Qc2 Nf5 20. Bf2 Rac8 21. g4 Nd6
22. Nf1 c4 23. g5 Nd7 24. Bg4 g6 25. Ng3 Nf5 26. Ne2 Nc5 27. Rab1 Rce8 28. Nd4
Nxd4 29. cxd4 Nd3 30. Bg3 Qe7 31. b3 Ba6 32. bxc4 Bxc4 33. h4 Qa3 34. h5 Qa2
35. Qc3 Rf7 36. Ra1 Qb2 37. Rxd3 1-0

[Event "X Open"]
[Site "Condino ITA"]
[Date "2010.07.29"]
[Round "6"]
[White "Papa, Angelo"]
[Black "Panjkovic, Stefan"]
[Result "1-0"]
[WhiteElo "1834"]
[BlackElo "1608"]
[PlyCount "75"]
[EventDate "2010.07.26"]

1. d4 f5 2. g3 Nf6 3. Bg2 e6 4. Nf3 d5 5. O-O Bd6 6. c4 c6 7. b3 O-O 8. Ba3 Qe7
9. Bxd6 Qxd6 10. Qc2 Ne4 11. e3 Nd7 12. Qb2 Ndf6 13. Ne5 Qc7 14. f3 Nd6 15. Nd2
Bd7 16. Rac1 Qd8 17. b4 a5 18. a3 axb4 19. axb4 Be8 20. Ra1 Bh5 21. Rxa8 Qxa8
22. Ra1 Qb8 23. cxd5 cxd5 24. Nb3 Be8 25. Nc5 Qc8 26. Rc1 Bc6 27. Bf1 Qe8 28.
Ra1 Bb5 29. Bxb5 Qxb5 30. Nxe6 Rc8 31. Ra5 Qe8 32. Nf4 Nd7 33. Nxd5 Nxe5 34.
dxe5 Nc4 35. Qa2 Nxa5 36. Nf6+ Kf8 37. Nxe8 Rxe8 38. Qxa5 1-0

[Event "X Open"]
[Site "Condino ITA"]
[Date "2010.07.29"]
[Round "6"]
[White "Poletti, Fausto"]
[Black "De Santis, Alessio"]
[Result "0-1"]
[WhiteElo "1901"]
[BlackElo "2348"]
[PlyCount "54"]
[EventDate "2010.07.26"]

1. c4 b6 2. d4 e6 3. Nf3 Bb7 4. a3 f5 5. g3 d6 6. Bg2 Nd7 7. O-O Be7 8. Nc3 a6
9. Qc2 Ra7 10. e4 Qa8 11. Ng5 Bxg5 12. Bxg5 h6 13. Be3 Ngf6 14. f3 fxe4 15.
Nxe4 O-O 16. Rae1 Bxe4 17. fxe4 e5 18. d5 c5 19. Bh3 b5 20. b4 Rc7 21. Be6+ Kh8
22. bxc5 Nxc5 23. Bf5 Ncxe4 24. Bxe4 Rxc4 25. Qg2 Nxe4 26. Rxf8+ Qxf8 27. Bxh6
gxh6 0-1